| 000 | 00395nam a22001577a 4500 | ||
|---|---|---|---|
| 020 | _a9780008756253 | ||
| 082 |
_a823 _bCHI/D |
||
| 100 | _aChimamanda Ngozi Adichie | ||
| 245 |
_aDream Count / _cby Chimamanda Ngozi Adichie |
||
| 260 |
_aLondon: _bHarperCollins, _c2025. |
||
| 300 | _a399p. | ||
| 650 | _aNovel English | ||
| 650 | _aLiterature English | ||
| 650 | _aLiterature | ||
| 942 | _cBK | ||
| 999 |
_c181325 _d181325 |
||